Szczegóły MARC21

Business dynamics : systems thinking and modeling for a complex world /

005 -DATA I CZAS OSTATNIEJ MODYFIKACJI [,]
    • @
    • pole kontrolne
    • 20070315155141.9
020 -Międzynarod. znormalizowany nr książki - ISBN [ , ]
    • a
    • Numer ISBN
    • 0072311355 Find
    • z
    • Błędny ISBN (P)
    • 007238915 Find
040 -Instytucja sporządzająca opis [ , ]
    • a
    • Instytucja, która sporządziła opis (NP)
    • SZCZ U
    • c
    • Instytucja, która sporządziła rekord (NP)
    • SZCZ U
041 -Język dokumentu [0, ]
    • a
    • Język tekstu (P)
    • angielski
    • h
    • Język tekstu oryginalnego i/lub pośredniego (P)
    • angielski
942 -Rodzaj dokumentu [ , ]
    • c
    • Rodzaj dokumentu
    • Książka
245 -Strefa tytułu i oznaczenia odpowiedzialności [0, ]
    • a
    • Tytuł
    • Business dynamics : Find
    • b
    • Ciąg dalszy tytułu (NP)
    • systems thinking and modeling for a complex world / Find
    • c
    • Pozostałe elementy strefy tytułu i oznaczenia odpowiedzialności (NP)
    • John D. Sterman.
260 -Strefa adresu wydawniczego [ , ]
    • a
    • Miejsce wydania (P)
    • Boston ; Dubuque ; New York :
    • b
    • Nazwa wydawcy (P)
    • McGraw-Hill,
    • c
    • Data wydania (P)
    • cop. 2000.
300 -Strefa opisu fizycznego [ , ]
    • a
    • Określenie formy książki i/lub objętość (NP)
    • XXVI, 982 s. :
    • b
    • Oznaczenie ilustracji (NP)
    • il. :
    • c
    • Format (NP)
    • 26 cm +
    • e
    • Oznaczenie dokumentu towarzyszącego (NP)
    • CD-ROM.
500 -Uwaga ogólna [ , ]
    • a
    • Uwaga ogólna (NP)
    • 0-07-238737-8 (CD-ROM). - Bibliogr.Ind.Summ
080 -Uniwersalna Klasyfikacja Dziesiętna [ , ]
    • a
    • Symbol klasyfikacji
    • 65.012.1(07)=20
980 -Symbol UKD [ , ]
    • a
    • UKD
    • 65.012.1(07)=20
700 -Hasło dodatkowe - nazwa osobowa [ , ]
    • a
    • Nazwa osobowa (NP)
    • Sterman John D Find
920 -ISBN [ , ]
    • a
    • ISBN
    • 0-07-231135-5 Find
    • z
    • Błędny ISBN
    • 0-07-238915-X Find
Status udost. Sygnatura Numer inwentarzowy Lokalizacja Data inwentaryzacji
-2FUNDACJA POLSKO-NIEMIECKAS.92270BE2006-03-01
-2 S.94961BE2015-01-29